LEADER 00828nam a2200217 i 4500 001 000000111786 003 CaOOAMICUS 005 20041004000000.0 008 041004s1983 it u000 u ita u 013 $a84468 040 $aSeMil$bita 245 10$aCastelli e palazzi d'Italia. 260 $aMilano :$bSelezione dal Reader's Digest,$c1983. 300 $a303 p. :$briccamente ill. ;$c32 cm. 650 4$aItalia - Castelli.$0(OLS)http://semarc/subject/7803 650 4$aPalazzi - Italia.$0(OLS)http://semarc/subject/7808 850 $aSeMil 852 $aSeMil$W1$xVenegono$y1$m5R XI 34$j67596$B67596$CSeMilBibl$Z2$F87003 $81 961 $aOmaggio: Altro 996 $6245$aCastelli e palazzi d'Italia$9(OLS)http://semarc/title/162817 996 $6260$aMilano :$bSelezione dal Reader's Digest$9(OLS)http://semarc/publisher/31157 LEADER 01257nam a2200253 i 4500 001 000000035656 003 CaOOAMICUS 005 20230210143207.0 008 130304s1978 it u000 u ita u 040 $aSeMil$bita 100 1 $aSerra, Aristide M.,$c.$0(OLS)http://semarc/name/6934 245 10$aMaria a Cana e presso la croce :$bsaggio di mariologia giovannea (Gv 2, 1-12 e 19, 25-27) /$cAristide M. Serra. 264 1$aRoma :$bCentro di cultura mariana Mater Ecclesiae,$c1978. 300 $a133 p. ;$c22 cm. 490 1 $aME. Serie studi ;$v3 650 4$aBibbia - NT - Madonna.$0(OLS)http://semarc/subject/44854 650 4$aBibbia. Nuovo Testamento. Vangelo secondo Giovanni - Commentari, studi, critica, interpretazioni.$0(OLS)http://semarc/subject/119 830 0$aME. Serie studi ;$v3.$0(OLS)http://semarc/title/38186 850 $aSeMil 852 $aSeMil$W1$xVenegono$y1$m2L IV 221$j1811$B1811$CSeMilBibl$Z2$F1811 $81 961 $aOmaggio: Donazione 996 $6245$aMaria a Cana e presso la croce :$bsaggio di mariologia giovannea (Gv 2, 1-12 e 19, 25-27)$9(OLS)http://semarc/title/48970 996 $6264$aRoma :$bCentro di cultura mariana Mater Ecclesiae$9(OLS)http://semarc/publisher/37636